000 00412nam a22001697a 4500
003 OSt
005 20220201105709.0
008 220201b |||||||| |||| 00| 0 eng d
020 _a0-8151-1007-3
040 _aDDC
_cHU
082 _24TH
_a617
_b1
100 _aBERRY SCOTT M
_929285
245 _aTHE MONT REID SURGICAL HANDBOOK
250 _a4TH
260 _aLONDON
_bMOSBY INC
_c1997
942 _2ddc
_cBOOKS
_n0
999 _c28690
_d28690